000 00727nam a2200193Ia 4500
003 LDD
008 190117s9999 xx 000 0 und d
020 _a9789350000328
_c₹350
040 _cLDD
041 _ahi
082 _a8H3.7 ये6602पि
100 _aयेलिनेक, एल्फ़्रीडे
245 0 _aपियानो टीचर
_cएल्फ़्रीडे येलिनेक
260 _aनई दिल्ली
_bाणी प्रकाशन 2
_c2009
300 _a274
901 _aANI TST
904 _aReqst by : Shankar Navin
942 _2ddc
_cH
999 _c167883
_d167883